[Event "Ramat Gan Spring op"]
[Site "Ramat Gan"]
[Date "2023.06.26"]
[Round "7"]
[White "Yaniv, Ori"]
[Black "Stolyarsky, Yegor"]
[Result "1-0"]
[WhiteElo "2156"]
[BlackElo "2051"]
[PlyCount "117"]
[EventDate "2023.05.01"]
[EventType "swiss"]
[EventRounds "7"]
[EventCountry "ISR"]
[SourceTitle "CBM 215 Extra"]
[Source "ChessBase"]
[SourceDate "2023.09.30"]
[SourceVersion "1"]
[SourceVersionDate "2023.09.30"]
[SourceQuality "1"]

1. e4 e5 2. Bc4 Nf6 3. d3 c6 4. Nf3 d5 5. Bb3 a5 6. a4 Bb4+ 7. c3 Bd6 8. exd5 cxd5 9. Bg5 Be6 10. Na3 Nc6 11. Nb5 Bb8 12. 0-0 0-0 13. Re1 h6 14. Bh4 Re8 15. Qd2 d4 16. Bxe6 Rxe6 17. cxd4 Nxd4 18. Nbxd4 exd4 19. Rxe6 fxe6 20. Re1 Ra6 21. Bg3 Bxg3 22. hxg3 Nd7 23. Re4 Rd6 24. Qc1 b6 25. Ne5 Nc5 26. Rg4 Qf6 27. f4 Qf5 28. Qd1 Rd5 29. Rh4 Na6 30. Rh5 Qf6 31. Qf3 Nc5 32. Ng4 Qd8 33. Ne5 Nd7 34. Qg4 Qe8 35. Nxd7 Qxd7 36. Rxh6 e5 37. Qxd7 Rxd7 38. Rxb6 e4 39. Kf1 exd3 40. Rb3 Kf7 41. Rxd3 Ke6 42. Ke2 Kd5 43. Kd2 Rb7 44. b3 Ke4 45. Rf3 Rb6 46. f5 Ke5 47. g4 Rh6 48. g5 Rh2 49. Rf2 Rh1 50. f6 Rh8 51. f7 Rf8 52. Kd3 g6 53. Rf6 Kd5 54. Rxg6 Rxf7 55. Ra6 Rb7 56. Rxa5+ Kc6 57. Rb5 Re7 58. Kxd4 Re2 59. g3 1-0

[Event "Ramat Gan Shavuot op"]
[Site "Ramat Gan"]
[Date "2023.05.25"]
[Round "4"]
[White "Azoulay, Yehonatan"]
[Black "Yaniv, Ori"]
[Result "0-1"]
[WhiteElo "1813"]
[BlackElo "2156"]
[PlyCount "70"]
[EventDate "2023.05.25"]
[EventType "swiss (rapid)"]
[EventRounds "6"]
[EventCountry "ISR"]
[SourceTitle "CBM 214 Extra"]
[Source "ChessBase"]
[SourceDate "2023.07.31"]
[SourceVersion "1"]
[SourceVersionDate "2023.07.31"]
[SourceQuality "1"]

1. e4 c5 2. Nf3 d6 3. d4 cxd4 4. Qxd4 Nc6 5. Bb5 Bd7 6. Bxc6 Bxc6 7. Nc3 h6 8. Qd3 Nf6 9. Nd4 e6 10. f4 d5 11. e5 Nd7 12. Be3 Bb4 13. Nxc6 bxc6 14. 0-0 0-0 15. a3 Bc5 16. Bxc5 Nxc5 17. Qd4 Qb6 18. Rad1 Nd7 19. Qxb6 axb6 20. Rfe1 Rfb8 21. g4 b5 22. Ne2 b4 23. axb4 Rxb4 24. b3 Ra2 25. Rd4 Rxd4 26. Nxd4 c5 27. Nb5 Rxc2 28. f5 d4 29. h4 d3 30. Na3 Rb2 31. g5 Rxb3 32. Nc4 Rc3 33. Ne3 Nxe5 34. Kg2 d2 35. Re2 Rxe3 0-1

[Event "Ramat Gan Shavuot Rapid"]
[Site "Ramat Gan"]
[Date "2022.06.04"]
[Round "6"]
[White "Yaniv, Ori"]
[Black "Leib, Yoni"]
[Result "1-0"]
[WhiteElo "2108"]
[BlackElo "1673"]
[PlyCount "75"]
[EventDate "2022.06.04"]
[EventType "swiss (rapid)"]
[EventRounds "6"]
[EventCountry "ISR"]
[SourceTitle "CBM 208 Extra"]
[Source "ChessBase"]
[SourceDate "2022.07.31"]
[SourceVersion "1"]
[SourceVersionDate "2022.07.31"]
[SourceQuality "1"]

1. e4 c5 2. Nf3 d6 3. d4 cxd4 4. Nxd4 Nf6 5. Nc3 a6 6. a3 e5 7. Nf5 Bxf5 8. exf5 d5 9. Bg5 d4 10. Bxf6 Qxf6 11. Nd5 Qd8 12. Bc4 b5 13. Bb3 Nd7 14. Qf3 Rc8 15. 0-0 Bd6 16. Qg4 0-0 17. c3 Nf6 18. Nxf6+ Qxf6 19. cxd4 exd4 20. Rad1 Bc5 21. Rd3 Rfe8 22. Rh3 Bb6 23. Qh5 h6 24. Qg6 Re5 25. Rxh6 Qxg6 26. Rxg6 Bd8 27. Rd6 Rxf5 28. Rxd4 Bf6 29. Rd2 Rfc5 30. g4 R8c7 31. f4 g6 32. g5 Bg7 33. h4 a5 34. f5 gxf5 35. g6 Bf6 36. gxf7+ Kf8 37. Re1 Re7 38. Rd8+ 1-0

[Event "EU-ch 16th"]
[Site "Jerusalem"]
[Date "2015.03.01"]
[Round "5"]
[White "Yaniv, Ori"]
[Black "Vardi, Shlomit"]
[Result "1/2-1/2"]
[WhiteElo "1579"]
[BlackElo "1945"]
[PlyCount "110"]
[EventDate "2015.02.24"]
[EventType "swiss"]
[EventRounds "11"]
[EventCountry "ISR"]
[SourceTitle "CBM 166"]
[Source "ChessBase"]
[SourceDate "2015.05.11"]
[SourceVersion "1"]
[SourceVersionDate "2015.05.11"]
[SourceQuality "1"]

1. e4 d6 2. d4 Nf6 3. Nc3 g6 4. f4 Bg7 5. Nf3 0-0 6. e5 dxe5 7. dxe5 Qxd1+ 8. Kxd1 Rd8+ 9. Ke1 Nd5 10. Nxd5 Rxd5 11. Bc4 Rd8 12. Ng5 e6 13. Be3 h6 14. Ne4 b6 15. Kf2 Bb7 16. Nc3 a6 17. Rad1 Nc6 18. a3 Ne7 19. Rhf1 h5 20. Rg1 Nf5 21. g4 hxg4 22. Rxg4 Rxd1 23. Nxd1 Rd8 24. Bd3 Ne7 25. Nc3 Nd5 26. Nxd5 exd5 27. h4 Bc8 28. Rg2 Kf8 29. Rh2 c5 30. h5 gxh5 31. Rxh5 d4 32. Bd2 Re8 33. b4 Bd7 34. Bxa6 Ra8 35. b5 Ke7 36. a4 Bc8 37. Bxc8 Rxc8 38. Rh3 Ra8 39. Ra3 Ke6 40. a5 bxa5 41. Rxa5 Rb8 42. Ra6+ Kd5 43. Rd6+ Ke4 44. b6 c4 45. Ke2 c3 46. Bc1 Rb7 47. e6 fxe6 48. Rxe6+ Kd5 49. f5 Be5 50. Ba3 Rh7 51. Kf3 Rb7 52. Rg6 Rf7 53. Kg4 Bb8 54. Kg5 Be5 55. f6 Ke6 1/2-1/2